Chính sách "chia để trị" của thực dân phương Tây ở Đông Dương, Mã Lai và Miến Điện /
Wedi'i Gadw mewn:
| Prif Awdur: | |
|---|---|
| Fformat: | Erthygl |
| Iaith: | Vietnamese |
| Pynciau: | |
| Tagiau: |
Ychwanegu Tag
Dim Tagiau, Byddwch y cyntaf i dagio'r cofnod hwn!
|
| Thư viện lưu trữ: | Thư viện Trường Đại học Đà Lạt |
|---|
| LEADER | 00852nam a2200289 4500 | ||
|---|---|---|---|
| 001 | DLU060057253 | ||
| 040 | # | # | |a DLU |b vie |
| 041 | # | # | |a vie |
| 044 | # | # | |a vn |
| 100 | # | # | |a Đỗ Thanh Bình |
| 245 | # | # | |a Chính sách "chia để trị" của thực dân phương Tây ở Đông Dương, Mã Lai và Miến Điện / |c Đỗ Thanh Bình |
| 653 | # | # | |a Đông Dương |
| 653 | # | # | |a Chính sách xâm lược |
| 653 | # | # | |a Thực dân hoá |
| 653 | # | # | |a Thuộc địa |
| 773 | # | # | |t Nghiên cứu Châu Âu |g Số 5, 2005, tr.22-32 |
| 920 | # | # | |a Phòng Tạp chí -- Trung tâm Thông tin - Thư viện Trường Đại học Đà Lạt |
| 933 | # | # | |a CT, TN |
| 994 | # | # | |a DLU |
| 900 | # | # | |a True |
| 911 | # | # | |a Nguyễn Thị Yên |
| 925 | # | # | |a G |
| 926 | # | # | |a A |
| 927 | # | # | |a BB |
| 980 | # | # | |a Thư viện Trường Đại học Đà Lạt |